书目信息 |
| 题名: |
市电电能质量补偿技术
|
|
| 作者: | 刘凤君 编著 | |
| 分册: | ||
| 出版信息: | 北京 科学出版社 2005.11 |
|
| 页数: | ||
| 开本: | 16开 | |
| 丛书名: | ||
| 单 册: | ||
| 中图分类: | TM727.2 | |
| 科图分类: | ||
| 主题词: | 输电技术 , 配电系统--技术 | |
| 电子资源: | ||
| ISBN: | 7-03-015784-2 | |
| 000 | 00573nam0 2200193 450 | |
| 001 | 0736196517 | |
| 005 | 20070924100316.51 | |
| 010 | @a7-03-015784-2@d¥38.00 | |
| 100 | @a20070924d km y0chiy0120 ea | |
| 101 | 0 | @achi |
| 200 | 1 | @a市电电能质量补偿技术@Ashi dian dian neng zhi liang bu chang ji shu@f刘凤君 编著@Fliu feng jun bian zhu |
| 210 | @a北京@c科学出版社@d2005.11 | |
| 215 | @d16开 | |
| 606 | 0 | @a输电技术 |
| 606 | 0 | @a配电系统@x技术 |
| 690 | @aTM727.2@v3 | |
| 701 | 0 | @a刘凤君@Aliu feng jun@4编著 |
| 801 | 0 | @aCN@bPFT@c20070924 |
| 905 | @a213230@dTM727.2@eZY9@f1 | |
| 市电电能质量补偿技术/刘凤君 编著.-北京:科学出版社,2005.11 |
| 16开 |
| ISBN 7-03-015784-2:¥38.00 |
| ● |
| 相关链接 |
|
|
|
|
正题名:市电电能质量补偿技术
索取号:TM727.2/ZY9
 
预约/预借
| 序号 | 登录号 | 条形码 | 馆藏地/架位号 | 状态 | 备注 |
| 1 | 7902150 | 279021504 | 密集书库-资源管理系/ [索取号:TM727.2/ZY9] | 在馆 |